000 00321nam a22001217a 4500
082 _a220 PRO
100 _aAWAIS,ABDUL QAYYUM,ZEESHAN
_972370
245 _aPR-SOF-1060-COLLEGE SOCIAL NETWORK
260 _aISLAMABAD
_bNUST COLLEGE OF EME
_c2011
650 _aDE-COMP-29
700 _aDR FAROOQUE AZAM
_917306
942 _cCR
999 _c578430
_d578430